000 01146nam a2200301 i 4500
003 EG-GICUC
005 20260121101542.0
008 251228s1985 ua ||||fr|||| 00| 0 ara d
040 _a EG-GICUC
_bara
_c EG-GICUC
_d EG-GICUC
_erda
041 0 _aara
082 0 4 _221
_a345.49
_bب ك . ر
092 0 4 _221
099 _aLaw1 07 345.49 ب ك . ر 1985
100 0 _aبكر القبانى
_eمؤلف.
245 1 0 _aالرقابة الإدارية /
_cبكر القبانى.
264 1 _aالقاهرة :
_bدار النهضة العربية،
_c1985.
300 _a244 صفحة ؛
_c24 سم.
336 _2rda content
_atext
337 _2rda media
_aComputer
338 _2rda carrier
_aOnline Resource
504 _aيحتوي على ارجاعات ببليوجرافية يحتوي على قائمة بالمراجع
546 _aالنص أغلبه باللغة العربية مع بعض النصوص الفرنسية
650 1 4 _aالرقابة الإدارية
_xالقانون الاداري
651 1 _2qrmak
856 4 0 _uhttps://fll.law.cu.edu.eg/fulltext/bks/B07-01905.pdf
905 _a75
942 _2ddc
_cBK
_e21
_n0
999 _c52785
_d52785